| 000 | 00729nam a2200217Ia 4500 | ||
|---|---|---|---|
| 001 | 16095 | ||
| 003 | GE_BSU | ||
| 008 | 181216s||||||||xx |||||||||||||| ||und|| | ||
| 040 | _cGE_BSU | ||
| 100 | _aჭავჭავაძე, ი. (ილია, 1837-1907) | ||
| 245 | _aკაცია-ადამიანი?! | ||
| 245 | _bმოთხრობა | ||
| 245 | _cრედ.ლ.ქადაგიშვილი. მხატვ.თ.მირზაშვილი | ||
| 260 | _aთბილისი | ||
| 260 | _bნაკადული | ||
| 260 | _c1975 | ||
| 300 | _a170 გვ. : ილ. ; 16 სმ | ||
| 653 | _aკაცია-ადამიანი?! | ||
| 653 | _aმოთხრობა | ||
| 942 | _cBK | ||
| 999 |
_c49184 _d49184 |
||